| 000 | 00460nam a2200169Ia 4500 | ||
|---|---|---|---|
| 008 | 190423s9999 xx 000 0 und d | ||
| 100 | _aHutchison, James | ||
| 245 | _aTrapped beneath a blazing tanker/ | ||
| 245 | _cJames Hutchison | ||
| 260 | _bReader's Digest Asia | ||
| 260 | _c2019 | ||
| 300 | _aPages 116-126, January 2019 | ||
| 440 |
_aAsia Reader's Digest: Classic Reads _v115:671 |
||
| 650 | _aCourage | ||
| 650 | _aFireman | ||
| 650 | _aHeroism | ||
| 999 |
_c361497 _d361497 |
||